ბათუმის შოთა რუსთაველის სახელმწიფო უნივერსიტეტის ბიბლიოთეკა

Неврологический журнал, №5 том 18 2013. (ბიბ.ჩანაწერი № 41896)

000 -LEADER
fixed length control field 00536nam a2200193Ia 4500
001 - CONTROL NUMBER
control field 8580
003 - CONTROL NUMBER IDENTIFIER
control field GE_BSU
008 - FIXED-LENGTH DATA ELEMENTS--GENERAL INFORMATION
fixed length control field 181216s||||||||xx |||||||||||||| ||und||
040 ## - CATALOGING SOURCE
Transcribing agency GE_BSU
245 ## - TITLE STATEMENT
Title Неврологический журнал, №5 том 18 2013.
245 ## - TITLE STATEMENT
Remainder of title Journal of Neorology.
245 ## - TITLE STATEMENT
Statement of responsibility, etc. гл. ред.Н.Н. ЯХНО и др.
260 ## - PUBLICATION, DISTRIBUTION, ETC.
Place of publication, distribution, etc. Москва
260 ## - PUBLICATION, DISTRIBUTION, ETC.
Name of publisher, distributor, etc. Медицина
260 ## - PUBLICATION, DISTRIBUTION, ETC.
Date of publication, distribution, etc. 2013
300 ## - PHYSICAL DESCRIPTION
Extent 56стр.29см.
653 ## - INDEX TERM--UNCONTROLLED
Uncontrolled term Неврологический журнал
942 ## - ADDED ENTRY ELEMENTS (KOHA)
Koha item type პერიოდიკა
ეგზემპლარები
Withdrawn status Lost status Damaged status Not for loan Date acquired Barcode Date last seen Price effective from Koha item type
        2018-12-17 p76031 2018-12-17 2018-12-17 პერიოდიკა